00382nam a22001337a 4500082001200000100002200012245002800034260002800062300000800090650001100098942000700109952011500116999001700231 a226 BER aBerkhof, Hedrikus aKey Words of the Gospal aLondonbSCM Pressc1964 a126 aGospal cBK 00104070aHMIbHMId2016-04-20eMr Christoff Wildfagg0.00l0o226 BERp11-3365r2016-04-20w2016-04-20yBK c20072d20072